000 00329nam a22000977a 4500
008 230921b |||||||| |||| 00| 0 eng d
040 _aNational Science Library
_cNational Science Library
245 _aCSIRO abstracts
260 _aEast Melbourne:
_bCommonwealth Scientific and Industrial Research Organization,
942 _cCR
_2udc
999 _c61428
_d61428